[Event "Sheikh Russel GM 2021"]
[Site "Dhaka"]
[Date "2021.10.21"]
[Round "3.22"]
[White "Mohammad Nubairshah Shaikh"]
[Black "Chatterjee, Debaraj"]
[Result "1/2-1/2"]
[WhiteElo "2440"]
[BlackElo "2226"]
[Annotator "ChessBase"]
[PlyCount "104"]
[EventDate "2021.10.19"]
[EventType "swiss"]
[EventCountry "BAN"]
[SourceTitle "playchess.com"]
[Source "ChessBase"]
[SourceQuality "1"]
[TimeControl "40/5400+30:1800+30"]

1. c4 {[%emt 0:00:04]} Nf6 {[%emt 0:02:37]} 2. Nf3 {[%emt 0:00:04]} g6 {[%emt 0:00:32]} 3. b3 {[%emt 0:00:02]} Bg7 {[%emt 0:00:15]} 4. Bb2 {[%emt 0:00:02]} O-O {[%emt 0:00:15]} 5. g3 {[%emt 0:00:04]} d6 {[%emt 0:00:25]} 6. d4 {[%emt 0:00:05]} Nbd7 {[%emt 0:01:31]} 7. Bg2 {[%emt 0:00:03]} c6 {[%emt 0:00:38]} 8. O-O {[%emt 0:00:05]} Re8 {[%emt 0:00:24]} 9. Re1 {[%emt 0:04:21]} e5 {[%emt 0:08:04]} 10. dxe5 {[%emt 0:01:51]} dxe5 {[%emt 0:00:18]} 11. Nfd2 {[%emt 0:16:47]} e4 {[%emt 0:09:33]} 12. Nf1 {[%emt 0:00:09]} Qa5 {[%emt 0:08:10]} 13. Nbd2 {[%emt 0:06:55]} Qh5 {[%emt 0:21:33]} 14. e3 {[%emt 0:00:43]} Qf5 {[%emt 0:11:06]} 15. f3 {[%emt 0:10:47]} exf3 {[%emt 0:02:31]} 16. Nxf3 {[%emt 0:00:03]} Nc5 {[%emt 0:02:07]} 17. Nd4 {[%emt 0:01:50]} Qg5 {[%emt 0:01:57]} 18. Qc2 {[%emt 0:01:54]} Nce4 {[%emt 0:03:13]} 19. Nd2 {[%emt 0:03:16]} Nxd2 {[%emt 0:04:55]} 20. Qxd2 {[%emt 0:00:03]} Ne4 {[%emt 0:02:48]} 21. Qc2 {[%emt 0:02:09]} Qe7 {[%emt 0:00:56]} 22. Ne2 {[%emt 0:10:58]} Bxb2 {[%emt 0:04:05]} 23. Qxb2 {[%emt 0:00:33]} Bg4 {[%emt 0:02:59]} 24. Nd4 {[%emt 0:19:48]} Rad8 {[%emt 0:00:32]} 25. b4 {[%emt 0:00:18]} h5 {[%emt 0:01:05]} 26. Qc2 {[%emt 0:02:13]} h4 {[%emt 0:02:49]} 27. gxh4 {[%emt 0:01:50]} Bh5 {[%emt 0:00:33]} 28. Bxe4 {[%emt 0:07:48]} Qxe4 {[%emt 0:00:04]} 29. Qf2 {[%emt 0:00:27]} Kg7 {[%emt 0:02:06]} 30. Rac1 {[%emt 0:01:47]} Rd6 {[%emt 0:01:09]} 31. Qg3 {[%emt 0:02:09]} Rf6 {[%emt 0:00:52]} 32. Rc2 {[%emt 0:01:51]} Qd3 {[%emt 0:02:31]} 33. Rf2 {[%emt 0:02:21]} Rxf2 {[%emt 0:00:09]} 34. Qxf2 {[%emt 0:00:38]} Re4 {[%emt 0:02:52]} 35. h3 {[%emt 0:00:20]} Qxc4 {[%emt 0:00:16]} 36. Rf1 {[%emt 0:00:01]} Qd5 {[%emt 0:00:48]} 37. a3 {[%emt 0:02:21]} f5 {[%emt 0:01:04]} 38. Qg3 {[%emt 0:00:18]} Kf7 {[%emt 0:01:08]} 39. Qg5 {[%emt 0:01:53]} Re5 {[%emt 0:00:26]} 40. Qh6 {[%emt 0:00:00]} Kg8 {[%emt 0:00:00]} 41. Qg5 {[%emt 0:08:07]} Qe4 {[%emt 0:06:54]} 42. Kf2 {[%emt 0:00:20]} Rd5 {[%emt 0:03:53]} 43. Kg3 {[%emt 0:02:49]} Re5 {[%emt 0:05:55]} 44. Re1 {[%emt 0:00:49]} Re8 {[%emt 0:02:59]} 45. Qf6 {[%emt 0:03:28]} Re7 {[%emt 0:06:00]} 46. Qd6 {[%emt 0:04:01]} Kf7 {[%emt 0:00:38]} 47. Qf4 {[%emt 0:08:03]} Qd3 {[%emt 0:01:21]} 48. Kf2 {[%emt 0:03:27]} Qd2+ {[%emt 0:01:12]} 49. Kf1 {[%emt 0:00:01]} Qd3+ {[%emt 0:00:52]} 50. Kf2 {[%emt 0:00:03]} Qd2+ {[%emt 0:03:49]} 51. Kf1 {[%emt 0:00:02]} Qc3 {[%emt 0:01:20]} 52. Kf2 {[%emt 0:01:53]} Qd2+ {[%emt 0:02:21]} 1/2-1/2

[Event "Sheikh Russel GM 2021"]
[Site "Dhaka"]
[Date "2021.10.21"]
[Round "3.23"]
[White "Ahmed, Sheikh Nasir"]
[Black "Haznedaroglu, Kivanc"]
[Result "0-1"]
[WhiteElo "2228"]
[BlackElo "2438"]
[Annotator "ChessBase"]
[PlyCount "50"]
[EventDate "2021.10.19"]
[EventType "swiss"]
[EventCountry "BAN"]
[SourceTitle "playchess.com"]
[Source "ChessBase"]
[SourceQuality "1"]
[TimeControl "40/5400+30:1800+30"]

1. c4 {[%emt 0:01:11]} e5 {[%emt 0:00:07]} 2. g3 {[%emt 0:00:10]} Nc6 {[%emt 0:00:08]} 3. Bg2 {[%emt 0:00:13]} Bc5 {[%emt 0:00:06]} 4. Nc3 {[%emt 0:01:27]} d6 {[%emt 0:00:19]} 5. e3 {[%emt 0:00:38]} a6 {[%emt 0:00:42]} 6. Nge2 {[%emt 0:01:04]} h5 {[%emt 0:00:27]} 7. d4 {[%emt 0:05:03]} Ba7 {[%emt 0:00:14]} 8. h4 {[%emt 0:02:22]} Bg4 {[%emt 0:04:55]} 9. Qd2 {[%emt 0:04:26]} exd4 {[%emt 0:05:54]} 10. exd4 {[%emt 0:03:44]} Nge7 {[%emt 0:02:16]} 11. b3 {[%emt 0:03:47]} O-O {[%emt 0:08:43]} 12. Bb2 {[%emt 0:06:31]} Re8 {[%emt 0:01:30]} 13. O-O-O {[%emt 0:04:24]} b5 {[%emt 0:21:11]} 14. cxb5 {[%emt 0:07:18]} axb5 {[%emt 0:00:18]} 15. Nxb5 {[%emt 0:00:21]} Bb6 {[%emt 0:00:10]} 16. Nbc3 {[%emt 0:06:01]} Ba5 {[%emt 0:04:16]} 17. Rde1 {[%emt 0:12:39]} Bb4 {[%emt 0:03:21]} 18. f3 {[%emt 0:13:30]} Bf5 {[%emt 0:01:12]} 19. g4 {[%emt 0:01:37]} Bh7 {[%emt 0:00:19]} 20. a4 {[%emt 0:08:36]} Na5 {[%emt 0:01:52]} 21. Qd1 {[%emt 0:00:03]} Rb8 {[%emt 0:00:11]} 22. Kd2 {[%emt 0:06:22]} Nd5 {[%emt 0:05:02]} 23. Nc1 {[%emt 0:01:34]} Qf6 {[%emt 0:00:06]} 24. Re4 {[%emt 0:02:13]} Bxe4 {[%emt 0:00:15]} 25. fxe4 {[%emt 0:00:15]} Qxd4+ {[%emt 0:00:06]} 0-1

[Event "Sheikh Russel GM 2021"]
[Site "Dhaka"]
[Date "2021.10.21"]
[Round "3.24"]
[White "Mirzoev, Azer"]
[Black "Zia, Tahsin Tajwar"]
[Result "1/2-1/2"]
[WhiteElo "2438"]
[BlackElo "2212"]
[Annotator "ChessBase"]
[PlyCount "86"]
[EventDate "2021.10.19"]
[EventType "swiss"]
[EventCountry "BAN"]
[SourceTitle "playchess.com"]
[Source "ChessBase"]
[SourceQuality "1"]
[TimeControl "40/5400+30:1800+30"]

1. d4 {[%emt 0:01:22]} d5 {[%emt 0:00:11]} 2. c4 {[%emt 0:00:04]} e6 {[%emt 0:00:04]} 3. Nc3 {[%emt 0:00:04]} a6 {[%emt 0:00:19]} 4. cxd5 {[%emt 0:01:18]} exd5 {[%emt 0:00:07]} 5. Nf3 {[%emt 0:00:06]} c6 {[%emt 0:00:10]} 6. Qb3 {[%emt 0:00:54]} Nf6 {[%emt 0:00:18]} 7. Bg5 {[%emt 0:00:13]} h6 {[%emt 0:03:26]} 8. Bh4 {[%emt 0:00:08]} Be7 {[%emt 0:00:36]} 9. e3 {[%emt 0:00:05]} O-O {[%emt 0:00:41]} 10. Bd3 {[%emt 0:03:10]} Re8 {[%emt 0:00:46]} 11. O-O-O {[%emt 0:01:10]} a5 {[%emt 0:01:37]} 12. Qc2 {[%emt 0:00:52]} Na6 {[%emt 0:01:55]} 13. a3 {[%emt 0:06:09]} b5 {[%emt 0:16:05]} 14. Ne5 {[%emt 0:00:12]} Bb7 {[%emt 0:00:58]} 15. Ne2 {[%emt 0:06:49]} a4 {[%emt 0:09:16]} 16. Kb1 {[%emt 0:00:53]} b4 {[%emt 0:11:41]} 17. Nxc6 {[%emt 0:02:25]} Bxc6 {[%emt 0:03:38]} 18. Qxc6 {[%emt 0:00:40]} bxa3 {[%emt 0:00:13]} 19. Bxa6 {[%emt 0:02:26]} Qb8 {[%emt 0:00:13]} 20. Qb5 {[%emt 0:20:48]} Rxa6 {[%emt 0:01:13]} 21. Qxb8 {[%emt 0:17:14]} Rxb8 {[%emt 0:00:06]} 22. Nc3 {[%emt 0:00:15]} Bb4 {[%emt 0:17:59]} 23. Na2 {[%emt 0:01:04]} axb2 {[%emt 0:00:37]} 24. f3 {[%emt 0:01:30]} a3 {[%emt 0:06:24]} 25. Rd3 {[%emt 0:00:31]} Bf8 {[%emt 0:01:03]} 26. Rhd1 {[%emt 0:00:19]} Rc8 {[%emt 0:02:38]} 27. Rc3 {[%emt 0:02:04]} Rac6 {[%emt 0:02:33]} 28. Rxc6 {[%emt 0:00:10]} Rxc6 {[%emt 0:00:01]} 29. Rd3 {[%emt 0:00:34]} Nd7 {[%emt 0:01:05]} 30. Bd8 {[%emt 0:07:26]} Rc8 {[%emt 0:05:39]} 31. Ba5 {[%emt 0:00:19]} Ra8 {[%emt 0:00:14]} 32. Bc7 {[%emt 0:01:48]} Nf6 {[%emt 0:04:36]} 33. Rb3 {[%emt 0:09:32]} Ne8 {[%emt 0:02:45]} 34. Bg3 {[%emt 0:00:07]} Ra6 {[%emt 0:01:42]} 35. Nc3 {[%emt 0:01:05]} Bd6 {[%emt 0:02:09]} 36. Ka2 {[%emt 0:01:11]} Bxg3 {[%emt 0:01:14]} 37. hxg3 {[%emt 0:00:10]} Nd6 {[%emt 0:00:35]} 38. Rxa3 {[%emt 0:03:56]} Rxa3+ {[%emt 0:00:11]} 39. Kxa3 {[%emt 0:00:03]} Nc4+ {[%emt 0:00:05]} 40. Ka2 {[%emt 0:00:00]} Nxe3 {[%emt 0:00:00]} 41. Kxb2 {[%emt 0:00:30]} Kf8 {[%emt 0:18:08]} 42. Kc1 {[%emt 0:01:03]} Nf5 {[%emt 0:00:32]} 43. Nxd5 {[%emt 0:00:33]} Nxd4 {[%emt 0:00:06]} 1/2-1/2

[Event "Sheikh Russel GM 2021"]
[Site "Dhaka"]
[Date "2021.10.22"]
[Round "4.1"]
[White "Narayanan, Srinath"]
[Black "Bernadskiy, Vitaliy"]
[Result "1-0"]
[WhiteElo "2540"]
[BlackElo "2580"]
[Annotator "TA"]
[PlyCount "69"]
[EventDate "2021.10.19"]
[EventType "swiss"]
[EventCountry "BAN"]
[SourceTitle "playchess.com"]
[Source "ChessBase"]
[SourceQuality "1"]

{[%evp 16,69,58,21,45,0,35,43,38,43,43,38,55,60,60,52,53,46,44,50,45,36,33,33,81,80,89,105,130,107,75,110,91,96,58,36,408,409,457,458,453,438,403,372,352,323,731,666,632,627,876,521,576,589,931,896]} 1. Nf3 Nf6 2. c4 g6 3. d4 Bg7 4. g3 O-O 5. Bg2 d6 6. Nc3 Nbd7 7. O-O e5 8. e4 Re8 9. h3 b6 {E67: King's Indian: Fianchetto: 6...Nbd7.} 10. Re1 Bb7 11. d5 a5 {White is slightly better.} 12. Rb1 Nc5 13. b3 Bc8 14. a3 Bd7 {[#]} 15. Qc2 $146 ({Predecessor:} 15. b4 axb4 16. axb4 Na4 17. Bd2 Nxc3 18. Bxc3 Qc8 19. Kh2 c6 20. Qb3 cxd5 21. cxd5 {½-½ (31) Grujic,Z (2322)-Ratkovic,M (2376) Kac 2014}) 15... a4 16. b4 Nb3 17. Be3 Nh5 18. Nd2 Nxd2 19. Qxd2 Rf8 20. Qd1 Qe8 21. c5 f5 22. exf5 (22. cxb6 $6 f4 $11) 22... gxf5 {...f4 would now be nice for Black.} 23. c6 Bc8 {[#]} 24. Nb5 $1 $36 {[%cal Rb5c7][%mdl 2048] White is on the roll.} ({But not} 24. Nxa4 $6 f4 $15) 24... f4 25. Nxc7 {[%cal Bb5c7,Bc7a8,Ba8b6,Bb6d7][%mdl 32]} Qg6 {[%mdl 8192] Loses the game.} (25... fxe3 $14 26. Nxe8 (26. Rxe3 Qf7 $11) 26... exf2+ 27. Kh2 fxe1=Q 28. Qxe1 Rxe8) 26. Nxa8 $18 fxe3 27. Rxe3 Bf5 28. Nxb6 Bxb1 29. Nd7 Re8 30. Qg4 ({Less strong is} 30. Qxa4 e4 $16) 30... e4 $2 (30... Bf5 31. Qxg6 hxg6) 31. Qxg6 {White is clearly winning.} hxg6 32. b5 {[%cal Bb4b5,Bb5b6,Bb6b7][%mdl 32]} Bd4 33. Re1 Bd3 34. b6 {Threatens to win with b7.} Bc3 {[#]} 35. b7 $1 {[%mdl 512] Weighted Error Value: White=0.21/Black=0.43} 1-0

[Event "Sheikh Russel GM 2021"]
[Site "Dhaka"]
[Date "2021.10.22"]
[Round "4.2"]
[White "Debashis, Das"]
[Black "Tiviakov, Sergei"]
[Result "1/2-1/2"]
[WhiteElo "2501"]
[BlackElo "2600"]
[Annotator "TA"]
[PlyCount "52"]
[EventDate "2021.10.19"]
[EventType "swiss"]
[EventCountry "BAN"]
[SourceTitle "playchess.com"]
[Source "ChessBase"]
[SourceQuality "1"]

{[%evp 19,52,-9,3,-5,-11,0,0,-40,-18,-12,-17,-45,0,0,0,-25,0,-20,-18,-43,-8,0,0,0,-2,0,4,0,0,0,0,0,0,0,0]} 1. d4 Nf6 2. c4 e6 3. g3 d5 4. Nf3 Be7 5. Bg2 c6 6. O-O b6 7. Qc2 O-O 8. Nbd2 Bb7 9. e4 Na6 10. e5 Nd7 11. a3 {E06: Closed Catalan: Early deviations.} c5 12. dxc5 bxc5 13. b3 Qb6 14. Re1 {[#]} Nc7 $146 ({Predecessor:} 14... Rfd8 15. h4 Nf8 16. Nf1 Nb8 17. Bg5 Nc6 18. cxd5 exd5 19. Ne3 h6 20. Bxh6 gxh6 {½-½ (28) Pechenkin,V (2312)-Kovalyov,A (2619) Calgary 2012}) 15. Nf1 {[%cal Bd2f1,Bf1e3,Be3c4,Bc4d6][%mdl 32]} Rfb8 16. Bg5 Bf8 17. Bd2 h6 18. Rab1 Bc6 19. Ne3 a5 20. cxd5 {The position is equal.} Nxd5 21. Nc4 Qc7 22. a4 Ne7 23. Nh4 Bxg2 24. Kxg2 Nc6 {[%cal Rc6e5]} 25. Nf3 Nb6 26. Nd6 Nd7 {Not much happened in this game.  Weighted Error Value: White=0.10/Black=0.08} 1/2-1/2

[Event "Sheikh Russel GM 2021"]
[Site "Dhaka"]
[Date "2021.10.22"]
[Round "4.3"]
[White "Asadli, Vugar"]
[Black "Malakhatko, Vadim"]
[Result "1-0"]
[WhiteElo "2585"]
[BlackElo "2444"]
[Annotator "TA"]
[PlyCount "69"]
[EventDate "2021.10.19"]
[EventType "swiss"]
[EventCountry "BAN"]
[SourceTitle "playchess.com"]
[Source "ChessBase"]
[SourceQuality "1"]

{[%evp 14,69,20,12,35,29,53,56,62,67,54,62,68,71,74,85,69,68,81,60,106,98,116,113,112,90,123,97,126,107,147,136,134,150,107,153,160,150,168,56,57,36,26,39,73,49,96,93,167,53,57,22,79,87,2160,2148,29988,29989]} 1. e4 c5 2. Nf3 e6 3. d4 cxd4 4. Nxd4 Nc6 5. Nc3 Qc7 6. Be3 a6 7. Qd2 Nf6 8. O-O-O Be7 {is recently more successful than 8...Bb4. B48: Sicilian: Taimanov: 5 Nc3 Qc7 6 Be3 a6 without Be2.} 9. f3 h5 10. Nxc6 bxc6 {White is slightly better.} 11. Bf4 e5 12. Bg5 d6 13. Bc4 a5 14. Bb3 Be6 15. Kb1 Rd8 16. h4 {[#]} O-O $146 ({Predecessor:} 16... Rb8 17. Rhe1 Rb4 18. Bxe6 fxe6 19. b3 Qb8 20. Ka1 d5 21. exd5 exd5 22. Na4 Bd6 {½-½ (49) Relyea,A (2287)-Sherwood,H (2384) ICCF email 2018}) 17. g4 hxg4 18. Bxf6 Bxf6 19. fxg4 Qc8 ({Much weaker is} 19... Bxg4 $6 20. Rdf1 $11) 20. g5 Be7 21. Rdg1 d5 22. exd5 a4 23. Nxa4 cxd5 24. g6 fxg6 25. Rxg6 {And now Rhg1 would win.} Rf6 26. Rgg1 $40 {[%mdl 128] White is up to no good.} ({Better is} 26. h5 $18) 26... d4 $14 27. Qg2 {[%csl Gg1][%cal Rg2g7]} Bf8 28. h5 Bxb3 $1 29. axb3 Qe6 {[#]} 30. Nc5 $1 Qc6 {[#]} (30... Qd5 $16 31. b4 Qxg2 32. Rxg2 Kf7) 31. Ne4 (31. Qg5 $1 $18 {Black must now prevent h6.} Rc8 (31... Rdd6 32. b4) 32. b4) 31... Rf4 32. Re1 Ra8 (32... d3 $11 {remains equal.} 33. cxd3 Qb5) 33. Qg6 $16 Qd5 {[%mdl 8192]} (33... Ra6 $16 34. Ng5 Qxg6 35. hxg6 Rxg6 36. Rxe5 d3) 34. Ng5 $18 {[%csl Gg5][%cal Rg6h7]} Bb4 35. h6 {[%csl Gh6][%cal Rg6g7] Weighted Error Value: White=0.14/Black=0.44} 1-0

[Event "Sheikh Russel GM 2021"]
[Site "Dhaka"]
[Date "2021.10.22"]
[Round "4.4"]
[White "Krasenkow, Michal"]
[Black "Mosadeghpour, Masoud"]
[Result "0-1"]
[WhiteElo "2578"]
[BlackElo "2486"]
[Annotator "TA"]
[PlyCount "128"]
[EventDate "2021.10.19"]
[EventType "swiss"]
[EventCountry "BAN"]
[SourceTitle "playchess.com"]
[Source "ChessBase"]
[SourceQuality "1"]

{[%evp 13,128,-5,6,-14,0,-9,0,-10,41,33,38,53,67,26,51,-50,-51,-69,-83,-58,71,-40,-32,-40,5,-51,-44,-33,-30,-43,-29,-63,-51,-72,-60,-113,-69,-113,-112,-122,-120,-114,-102,-91,-75,-72,-81,-179,-206,-209,-219,-261,-260,-264,-246,-241,-113,-108,-39,-31,-17,-11,0,0,0,0,0,0,0,0,0,0,0,0,0,-31,0,-10,0,0,0,0,0,0,0,-22,-21,-26,-30,-30,-20,-364,-368,-552,-457,-1040,-1081,-1164,-584,-1403,-1393,-1376,-1122,-1235,-1296,-1293,-1213,-1093,-868,-2300,-2079,-1750,-1337,-1049,-963,-4627,-4618]} 1. Nf3 Nf6 2. c4 e6 3. Nc3 d5 4. d4 dxc4 5. Qa4+ c6 6. Qxc4 b5 7. Qd3 a6 8. Bg5 {D43: Semi-Slav: 5 Bg5 h6.} c5 9. Bxf6 gxf6 10. d5 {The position is equal.} b4 (10... Bb7 $11) 11. Na4 $1 $14 Bd7 ({Much worse is} 11... Qxd5 12. Qxd5 exd5 13. Nb6 $16) 12. dxe6 fxe6 {[#]} 13. Qe4 $146 ({Predecessor:} 13. Rd1 Qa5 14. b3 Bxa4 15. bxa4 b3+ 16. Nd2 Nd7 17. Qe4 O-O-O 18. axb3 c4 19. e3 {½-½ (28) Khalifman,A (2638)-Grigoryan,A (2595) Moscow 2011}) 13... Ra7 {[#]} 14. O-O-O Qc7 $15 15. b3 c4 $36 {[%mdl 2048] Black is really pushing.} 16. Kb1 Qc6 (16... c3 $15) 17. Qxc6 ({White should play} 17. Qh4 $16) 17... Bxc6 18. e3 Rc7 19. Rd4 (19. Nd4 $1 $11 Bxa4 20. bxa4) 19... cxb3 20. axb3 Rg8 21. Rc4 Bd6 22. e4 Ke7 23. g3 $1 Nd7 24. Nd2 (24. Rxc6 $15 Rxc6 25. Nd4) 24... Rgc8 25. Be2 Ne5 26. Rcc1 Bb5 27. Rxc7+ Rxc7 (27... Bxc7 {with more complications.} 28. Bxb5 axb5 29. f4 Rd8 30. Rc1 Bb8) 28. Bxb5 axb5 29. Nb2 Rc3 30. Rd1 (30. f4 $17 Nf3 31. Nxf3 Rxf3 32. Kc2) 30... Nc6 $19 31. Re1 Nd4 32. Re3 Nc2 $1 {[%cal Rc2e3]} 33. Rd3 Na3+ $1 34. Ka2 {[#]} Rc2 (34... Rc1 $1 $19 {and Black stays clearly on top.} 35. f4 Bc5) 35. f4 $17 e5 (35... Bc5 $17 {And now ...Rc1 would win.} 36. e5 fxe5 37. fxe5 Rc1) 36. Nf3 $1 $15 Rf2 ({Don't play} 36... exf4 $6 37. Nd4 $14) 37. Nh4 Bc5 38. fxe5 fxe5 39. Rd5 Rc2 (39... Bd4 $5 40. Nf5+ $8 {[%mdl 64] Double Attack} Kf6 41. Nxd4 exd4 $11) 40. Rxe5+ Kf6 41. Rf5+ Ke6 {( -> ...Bd4)} 42. Nf3 Be3 43. Rd5 Kf6 {White must now prevent ...Bc1.} 44. e5+ Kg7 {[%mdl 1024] Hoping for ...Bc1. Black has compensation.} (44... Kf7 $5 {[%cal Re3c1]} 45. e6+ Ke8 $15) 45. Ne1 Re2 46. Ned3 Bd2 47. Rd7+ Kg8 48. e6 Bc3 49. e7 Kf7 50. e8=Q+ Kxe8 51. Rxh7 Rd2 {Threatens to win with ...Nc4!} 52. Rh5 $2 {[%mdl 8192] [#] Now White is beyond hope.} (52. Rh4 $1 $11 {and White stays safe.}) 52... Nc4 $1 $19 {[%cal Rc4b2][%mdl 512]} 53. bxc4 (53. Kb1 {was forced.} Nxb2 54. Nc5) 53... bxc4 {Black is clearly winning.} 54. Kb1 (54. Re5+ $142 Bxe5 55. Nxe5) 54... cxd3 55. Nxd3 Rxd3 {[%mdl 4096] Endgame KRB-KR} 56. Kc2 Rd2+ 57. Kb3 Rb2+ 58. Kc4 Bf6 59. g4 Be7 60. g5 Rc2+ 61. Kb3 Rc3+ 62. Kb2 Re3 63. Rh8+ Kf7 64. h4 Bf8 {Weighted Error Value: White=0.59/Black=0.15} 0-1

[Event "Sheikh Russel GM 2021"]
[Site "Dhaka"]
[Date "2021.10.22"]
[Round "4.5"]
[White "Mitrabha, Guha"]
[Black "Solodovnichenko, Yuri"]
[Result "1-0"]
[WhiteElo "2479"]
[BlackElo "2577"]
[Annotator "TA"]
[PlyCount "69"]
[EventDate "2021.10.19"]
[EventType "swiss"]
[EventCountry "BAN"]
[SourceTitle "playchess.com"]
[Source "ChessBase"]
[SourceQuality "1"]

{[%evp 15,69,35,37,0,62,63,68,64,61,60,64,30,36,37,32,23,79,79,79,79,79,80,82,87,84,82,82,85,92,92,85,99,72,82,116,128,125,118,118,124,114,97,107,96,96,96,100,100,102,100,407,363,912,669,1233,1193]} 1. d4 Nf6 2. c4 g6 3. g3 Bg7 4. Bg2 O-O 5. Nc3 d6 6. Nf3 Nc6 7. O-O Bf5 {7...e5 is becoming the main line.} 8. d5 Na5 9. b3 {E62: King's Indian: Fianchetto: 6...c6 and Panno Variation (6...Nc6) without ...a6.} c5 (9... Ne4 $11 10. Nxe4 Bxa1) 10. Bd2 $14 a6 11. Qe1 {White is slightly better.} b5 12. e4 ({Of course not} 12. cxb5 axb5 13. Nxb5 Nxd5 $11) 12... Bg4 {[#]} 13. cxb5 $146 (13. e5 {is more complex.} Ne8 14. cxb5 Bxf3 15. Bxf3 axb5 16. Nxb5 Bxe5 17. Rb1) ({Predecessor:} 13. Rc1 b4 14. Nd1 e5 15. dxe6 Bxe6 16. Ng5 Nd7 17. f4 Re8 18. Qf2 Ra7 19. f5 {½-½ (106) Vakhidov,J (2533)-Shevchenko,K (2592) Europe Echecs INT 2020}) 13... axb5 14. Nxb5 Nxd5 15. exd5 {Hoping for Bc3.} Bxf3 (15... Bxa1 $11 16. Qxa1 Nxb3 $1) 16. Bxf3 $16 Bxa1 17. Qxa1 {Strongly threatening Bh6.} Nxb3 18. Qb2 ({Reject} 18. axb3 Rxa1 19. Rxa1 Qd7 $15) 18... Nxd2 19. Qxd2 Qa5 20. Nc3 {[%cal Bb5c3,Bc3e2,Be2d4,Bd4f3,Bf3g5][%mdl 32]} Qb4 21. Rc1 Ra3 {[#]} 22. Bd1 $1 Qd4 23. Qe1 Rb8 24. Bb3 c4 {[#]} 25. Ne2 $1 Qxd5 26. Rxc4 {aiming for Rc8+!} Qe5 27. Qd2 d5 28. Rf4 e6 29. Nd4 Rc8 30. Kg2 Raa8 31. Nf3 Qc3 32. Qe2 {Black must now prevent Ng5.} Rab8 $2 {[%mdl 8192]} (32... Ra7 $16 {is a better chance.}) 33. Ng5 e5 $2 (33... Rxb3 34. axb3 Rf8) 34. Rf3 Qc6 35. Qxe5 {Weighted Error Value: White=0.16/Black=0.34} 1-0

[Event "Sheikh Russel GM 2021"]
[Site "Dhaka"]
[Date "2021.10.22"]
[Round "4.6"]
[White "Iskandarov, Misratdin"]
[Black "Sammed Jaykumar, Shete"]
[Result "1-0"]
[WhiteElo "2552"]
[BlackElo "2413"]
[Annotator "RC"]
[PlyCount "107"]
[EventDate "2021.10.19"]
[EventType "swiss"]
[EventCountry "BAN"]
[SourceTitle "playchess.com"]
[Source "ChessBase"]
[SourceQuality "1"]
[TimeControl "40/5400+30:1800+30"]

1. e4 {[%emt 0:00:04]} c6 {[%emt 0:00:47]} 2. Nc3 {[%emt 0:00:41]} d5 {[%emt 0:00:25]} 3. Nf3 {[%emt 0:00:06]} dxe4 {[%emt 0:00:16]} 4. Nxe4 {[%emt 0:00:06]} Nf6 {[%emt 0:00:06]} 5. Qe2 {[%emt 0:00:05]} Nxe4 {[%emt 0:00:10]} 6. Qxe4 {[%emt 0:00:05]} Nd7 {[%emt 0:00:11]} 7. Bc4 {[%emt 0:00:06]} Nf6 {[%emt 0:00:06]} 8. Ne5 {[%emt 0:00:04]} e6 {[%emt 0:00:07]} 9. Qe2 {[%emt 0:00:03]} b5 {[%emt 0:00:30]} 10. Bb3 {[%emt 0:01:28]} Qc7 {[%emt 0:00:28]} 11. d4 {[%emt 0:00:06]} Bd6 {[%emt 0:00:18]} 12. a4 {[%emt 0:00:22]} O-O {[%emt 0:04:41]} 13. O-O {[%emt 0:06:45]} a5 {[%emt 0:17:03]} 14. Re1 {[%emt 0:00:47]} Ba6 {[%emt 0:01:38]} 15. Qf3 {[%emt 0:08:42]} c5 {[%emt 0:02:55]} 16. axb5 {[%emt 0:06:04]} Bxb5 {[%emt 0:11:15]} 17. Bg5 {[%emt 0:09:09]} Nd7 {[%emt 0:09:02]} 18. Nxd7 {[%emt 0:25:26]} Bxd7 {[%emt 0:00:25]} 19. dxc5 {[%emt 0:00:21]} Bxh2+ {[%emt 0:10:25]} 20. Kh1 {[%emt 0:00:32]} a4 {[%emt 0:15:46]} 21. Ba2 {[%emt 0:05:14]} Be5 {[%emt 0:13:03]} 22. Rad1 {[%emt 0:07:08]} Bc6 {[%emt 0:03:30]} 23. Qg4 {[%emt 0:16:16]} Bxb2 {[%emt 0:00:42]} 24. Re3 {[%emt 0:00:47]} Bd5 {[%emt 0:02:17]} 25. c4 {[%emt 0:03:14]} Bb7 {[%emt 0:02:10]} 26. Rh3 {[%emt 0:07:09]} g6 {[%emt 0:00:48]} 27. Qh4 {[%emt 0:01:32]} f6 {[%emt 0:02:30]} 28. Bf4 {[%emt 0:00:04]} Qf7 {[%emt 0:01:36]} 29. c6 {[%emt 0:01:47]} Bxc6 {[%emt 0:00:34]} 30. c5 {[%emt 0:00:14]} Ra7 {[%emt 0:00:26]} 31. Bh6 {[%emt 0:00:47]} Re8 {[%emt 0:00:38]} 32. Rhd3 {[%emt 0:00:07]} Rae7 {[%emt 0:01:00]} 33. Rd6 {[%emt 0:00:10]} Bb7 {[%emt 0:00:31]} 34. c6 {[%emt 0:00:22]} Bc8 {[%emt 0:00:08]} 35. Be3 {[%emt 0:01:06]} a3 {[%emt 0:00:24]} 36. Bc5 {[%emt 0:00:17]} g5 {[%emt 0:00:18]} 37. Qh3 {[%emt 0:00:24]} Kg7 {[%emt 0:01:07]} 38. Bxa3 {[%emt 0:00:39]} Bxa3 {[%emt 0:00:27]} 39. Qxa3 {[%emt 0:00:04]} Ra7 {[%emt 0:00:41]} 40. Qb2 {[%emt 0:00:00]} Rae7 {[%emt 0:00:00]} 41. Qb6 {[%emt 0:01:54]} Qh5+ {[%emt 0:09:04]} 42. Kg1 {[%emt 0:00:10]} Qe2 {[%emt 0:05:10]} 43. Bb3 {[%emt 0:02:52]} Qe5 {[%emt 0:06:15]} 44. Ba4 {[%emt 0:02:15]} Rf8 {[%emt 0:01:03]} 45. Bb5 {[%emt 0:02:38]} Rff7 {[%emt 0:01:55]} 46. Qb8 {[%emt 0:09:14]} Rc7 {[%emt 0:00:32]} 47. Rd8 {[%emt 0:02:10]} Qc5 {[%emt 0:01:13]} 48. Rxc8 {[%emt 0:01:30]} Rxc8 {[%emt 0:00:51]} 49. Qxc8 {[%emt 0:00:06]} Qxb5 {[%emt 0:00:03]} 50. Qxe6 {[%emt 0:00:57]} Qc5 {[%emt 0:01:03]} 51. g3 {[%emt 0:01:50]} Qb6 {[%emt 0:04:03]} 52. Rd7 {[%emt 0:03:22]} Rxd7 {[%emt 0:00:04]} 53. Qxd7+ {[%emt 0:00:06]} Kg6 {[%emt 0:00:19]} 54. Qb7 {[%emt 0:00:13]} 1-0